Most Common Words In English Starting With B - Statistics

General Stats
  • This quiz has been taken 8,498 times
  • The average score is 67 of 145
Answer Stats
Word % Correct
be
99%
ban
93%
bar
90%
bad
88%
but
88%
ball
87%
back
86%
bet
85%
best
81%
bus
81%
bit
80%
bag
77%
bear
77%
by
77%
band
75%
bed
75%
bill
75%
black
75%
buy
74%
base
73%
bell
73%
break
72%
bring
71%
baby
69%
big
69%
bend
68%
beat
67%
better
67%
blue
64%
brown
64%
beer
63%
boy
62%
book
61%
bread
61%
bake
59%
because
59%
brother
59%
butter
59%
bean
58%
both
58%
blood
57%
before
56%
begin
56%
bank
55%
bite
55%
bone
53%
build
53%
blow
52%
bond
52%
born
52%
burn
52%
believe
51%
bind
51%
bird
51%
boss
51%
bowl
50%
brand
50%
busy
50%
boat
49%
bright
49%
body
48%
basic
47%
boot
46%
below
45%
belt
45%
boom
45%
box
45%
brain
45%
breast
45%
beach
44%
become
44%
buck
44%
basket
43%
bike
43%
birth
42%
blind
42%
board
42%
bother
42%
brick
42%
beautiful
41%
behind
41%
blame
41%
building
41%
business
41%
block
39%
breath
39%
bomb
38%
bridge
38%
beauty
37%
beginning
37%
basically
36%
borrow
36%
broken
36%
battle
35%
bottle
35%
bottom
35%
bury
35%
between
34%
breakfast
34%
broad
34%
being
33%
belong
33%
brief
33%
buyer
33%
blade
32%
baseball
31%
bedroom
31%
basketball
30%
bench
30%
beneath
30%
beside
30%
bathroom
29%
belief
29%
birthday
29%
breathe
29%
brush
29%
badly
27%
battery
27%
brilliant
26%
bullet
26%
border
24%
bunch
24%
button
24%
balance
23%
basis
23%
benefit
23%
beyond
22%
boyfriend
22%
British
22%
barely
21%
Bible
21%
branch
21%
background
19%
behavior
19%
billion
19%
blanket
19%
barrel
18%
barrier
18%
briefly
18%
besides
17%
bombing
16%
budget
15%
boundary
14%
burden
13%
biological
9%
No matching quizzes found
Score Distribution
Percent of People with Each Score
Percentile by Number Answered
Your Score History
You have not taken this quiz